| 000 | 00481nam a22001577a 4500 | ||
|---|---|---|---|
| 003 | macl | ||
| 005 | 20250914171506.0 | ||
| 008 | 250914b |||||||| |||| 00| 0 eng d | ||
| 040 | _cmacl | ||
| 082 | _a800 | ||
| 100 |
_aतिवारी , राधेश्याम _956366 |
||
| 245 | _aकोहरे में यात्रा | ||
| 260 |
_aदिल्ली _bसंजना प्रकाशन _c2022 |
||
| 650 | _aसंस्मरण | ||
| 942 |
_2ddc _cBK |
||
| 999 |
_c68125 _d68125 |
||